01388nam a2200301 a 450000100100000000500170001000800410002702000150006804000250008308200170010810000280012524501310015326000340028430000280031849000470034665000340039365000470042765000420047465000260051670000360054271000610057883000550063904900090069495201300070395201150083395201210094899900170106900001529420250909091242.0100204s2001 dr a 000 0 spa d a9993424048 aDO-SdBNPbspacBNPHU a370.7bG491c1 aGimeno, Consuelo93458314aLas ciencias sociales en los procesos educativos de sujetos democráticos /cConsuelo Gimeno ; edición Raymundo González. aSanto Domingo :bAECI,c2001. a108 p. :bil. ;c28 cm.1 aCuadernos de sociedad y educaciónvv. 13 4aCapacitación docente917398 4aFormación profesional de maestros917397 4aCiencias socialesxEnseñanza934584 0aDerechos humanos9658 aGonzález, Raymundoeed.963732 aAgencia Española de Cooperación Internacional934585 0aCuadernos de sociedad y educaciónnno. 13934586 aBNPD 001054708DSaGRbGRcCTd2010-02-04iLF1l0o370.7 G491cp15294-30r2020-06-25te. 3w2020-06-25yLFDSZPréstamo en sala 0010718PDaPDbPDcCTd2010-02-04iLF1l0o370.7 G491cp15294-10r2020-06-25w2020-06-25yLFPDZNo se presta 0010718PDaPDbPDcCTd2010-02-04iLF1l0o370.7 G491cp15294-20r2020-06-25te. 2w2020-06-25yLFPDZNo se presta c14860d14860